|
|
|
|
| LEADER |
00000cam a2200000 a 4500 |
| 001 |
vtls008382750 |
| 003 |
SK-MaSNL |
| 005 |
20260302041651.0 |
| 008 |
250313s1936 xo h h 000 0bslo |
| 015 |
|
|
|a SNBA19191938-006417
|
| 035 |
|
|
|a SK01SNKBSKHR20010074967
|
| 035 |
|
|
|a urn:nbn:sk:snk-am3hm0r
|
| 035 |
|
|
|a 7CACAB60-DAE1-4E93-A5A0-2E3CE7E89106
|
| 035 |
|
|
|a urn:nbn:sk:snk-am00d53o
|
| 035 |
|
|
|a SKM000077430
|
| 040 |
|
|
|a SNK
|b slo
|c SNK
|e AACR2
|
| 041 |
0 |
|
|a slo
|
| 044 |
|
|
|a xo
|c SK
|
| 080 |
|
|
|a 929 Gavlovič, Hugolin P.
|2 1981
|
| 100 |
1 |
|
|a Lepáček, Celestín Alojz,
|d 1905-1955
|4 aut
|9 174229
|
| 245 |
1 |
0 |
|a Život a dielo P. Hugolina Gavloviča
|c Celestín Lepáček
|
| 260 |
|
|
|a Malacky
|b [vydavateľ nie je známy]
|c 1936
|e Malacky
|f A. Wiesner
|
| 300 |
|
|
|a 21 s.
|b faksimile
|c 8°
|
| 490 |
1 |
|
|a Extractum speciale ex Annalibus gymnasii publici Ordinis Fratrum Minorum : An. IX. in Malacky ČSR
|
| 490 |
0 |
|
|a Historia : sbierka prameňov a prác o dejinách cirkevných, zvlášte československých
|v zv. II, zoš. 5
|
| 504 |
|
|
|a Pozn. a lit. pod čiarou
|
| 600 |
1 |
7 |
|a Gavlovič, Hugolín,
|d 1712-1787
|2 SNKMA
|9 192021
|
| 650 |
0 |
7 |
|a život a dielo
|2 SNKPH
|9 276287
|
| 650 |
0 |
7 |
|a slovenskí spisovatelia
|2 SNKPH
|9 1258
|
| 655 |
|
7 |
|a neperiodické bibliografie
|2 SNKPH
|9 60408
|
| 830 |
|
0 |
|a Extractum speciale ex Annalibus gymnasii publici Ordinis Fratrum Minorum : An. IX. in Malacky ČSR
|9 693499
|
| 830 |
|
0 |
|a Historia : sbierka prameňov a prác o dejinách cirkevných, zvlášte československých
|9 565540
|
| 852 |
|
|
|a Slovenská národná knižnica
|
| 954 |
|
|
|a odborná, vedecká literatúra pôvodná (slovenská)
|2 lita
|
| 958 |
|
|
|a RK
|
| 958 |
|
|
|a TL
|
| 958 |
|
|
|a NB
|
| 958 |
|
|
|a OND
|
| 999 |
|
|
|c 1079745
|d 1081675
|
| 952 |
|
|
|a SNK
|b SNK
|y PREZ
|7 0
|p 17A0745526
|o snkSC 3779/5
|i snk1049/48
|0 0
|1 0
|4 0
|d 2011-12-02
|f 1
|l 0
|r 2025-06-25 00:00:00
|w 2026-02-24
|
| 952 |
|
|
|a SNK
|b SNK
|y VYP
|7 0
|p 17A0180688
|o snkSC 3779/5 D1
|i snkF 9065/63
|8 5
|0 0
|1 0
|4 0
|d 1999-02-13
|l 0
|r 2005-01-02 00:00:00
|w 2026-02-24
|